| 000 | 01078nam a2200229Ia 4500 | ||
|---|---|---|---|
| 001 | L226-5415 | ||
| 003 | IT-CnALBA | ||
| 008 | 170116s9999||||xx |||||||||||||| ||und|| | ||
| 040 |
_aIT-CnALBA _cIT-CnALBA |
||
| 041 | _aLATINO | ||
| 100 | _aCRISOSTOMO GIOVANNI, SANTO, DOTT. | ||
| 245 | 0 | _aCOLLECTIO SS. ECCLESIAE PATRUM. HOMILIAE IN NOVUM TESTAMENTUM. COMMENTARIA IN S. MATTHAEUM. | |
| 250 | _a1a ed. | ||
| 260 |
_a PARISIIS _bPARENT-DESBARRES EDITOR _c1835 [1° Ed.:1835 - Ed.Ling.Originale: 1835] |
||
| 300 | _a474 p. | ||
| 500 | _aCURATORI CAILLAU E GUILLON. COMMENTI SU S. MATTEO. OMELIE XIX LVI. COLLEZIONE DEI SANTI PADRI. OMELIE SULLA SACRA SCRITTURA. OMELIE SUL NUOVO TESTAMENTO. | ||
| 501 | _aSocietà San Paolo EM - Piazza San Paolo, 14 - 12051 ALBA (CN) (non commercial uses only) ® Copyright 2017 | ||
| 520 | _aCURATORI CAILLAU E GUILLON. COMMENTI SU S. MATTEO. OMELIE XIX LVI. COLLEZIONE DEI SANTI PADRI. OMELIE SULLA SACRA SCRITTURA. OMELIE SUL NUOVO TESTAMENTO. | ||
| 650 | _aVANGELI E ATTI DEGLI APOSTOLI | ||
| 942 | _cBK | ||
| 957 | _71 | ||
| 999 |
_a6394 _bSI _g Copie: 1 _c264601 _d264601 |
||